| 000 | 00813nam a22002177a 4500 | ||
|---|---|---|---|
| 999 |
_c19653 _d19653 |
||
| 003 | AR-CdUCM | ||
| 008 | 190518b ||||| |||| 00| 0 spa d | ||
| 020 | _a84-376-009-9 | ||
| 040 |
_aMUNICIPALIDAD PROVINCIAL DEL CUSCO _cBIBLIOTECA MUNICIPAL DEL CUSCO |
||
| 082 |
_22ed. _a465 / _bR68 |
||
| 100 |
_aRivero, MariaLuisa _941113 |
||
| 245 | _aEstudios de gramática generativa del español / | ||
| 260 |
_aMadrid : _bCatedra, _c1979. |
||
| 300 |
_a161 paginas ; _c22 cm. |
||
| 505 | _aContenido : Estudio de una transformación en la gramática generativa del español -- El modo y la presuposicion --Aspectos de las oraciones condicionales... | ||
| 650 |
_aGramatica _99175 |
||
| 650 |
_aSintagma nominal _941114 |
||
| 650 |
_aModos de gramática _941115 |
||
| 942 |
_2ddc _cLIBROS |
||
| 945 |
_awnts _d2019-05-18 |
||